Bill Phillips Transformation / (Record no. 36608)
[ view plain ]
| 000 -LEADER | |
|---|---|
| fixed length control field | 00383nam a22001577a 4500 |
| 005 - DATE AND TIME OF LATEST TRANSACTION | |
| control field | 20241002120002.0 |
| 008 - FIXED-LENGTH DATA ELEMENTS--GENERAL INFORMATION | |
| fixed length control field | 241002b |||||||| |||| 00| 0 eng d |
| 082 ## - DEWEY DECIMAL CLASSIFICATION NUMBER | |
| Classification number | 613.7 |
| Item number | BIL-B |
| 100 ## - MAIN ENTRY--AUTHOR | |
| Author Name | Bill Phillips |
| 245 ## - TITLE STATEMENT | |
| Title | Bill Phillips Transformation / |
| 260 ## - PUBLICATION, DISTRIBUTION, ETC. | |
| Place of Publication | 9781401911768 |
| Name of publisher, distributor, etc. | USA |
| Date of publication, distribution, etc. | 2010 |
| 300 ## - PHYSICAL DESCRIPTION | |
| Pages | 231P. |
| 650 ## - SUBJECT ADDED ENTRY--TOPICAL TERM | |
| Subject / Department | art& design |
| 300 ## - PHYSICAL DESCRIPTION | |
| -- | ILL; |
| -- | 24cm |
| 952 ## - LOCATION AND ITEM INFORMATION (KOHA) | |
| -- | 0 |
| -- | 0 |
| Lost status | Damaged status | Collection code | Permanent Location | Current Location | Shelving Location | Date acquired | Full Call Number | Accession No./Barcode | Date last seen | item type | Koha item type |
|---|---|---|---|---|---|---|---|---|---|---|---|
| Architecture | Superior Information Resource Center (SIRC) Superior University- Main Campus | Superior Information Resource Center (SIRC) Superior University- Main Campus | Art & Design | 10/02/2024 | 613.7 BIL-B 2010 | 29441 | 01/14/2025 | BOOK | BOOK |
